|
|
|
|
| LEADER |
00747nam a22002292a 4500 |
| 001 |
001160551 |
| 003 |
CZ BrMZK |
| 005 |
20111215140316.0 |
| 007 |
ta |
| 008 |
110727s1973 xr er|||||||||||cze d |
| 040 |
|
|
|a OSA001
|b cze
|
| 080 |
9 |
|
|a 91
|
| 245 |
0 |
0 |
|a 2. konference OSN o standardizaci geografického názvosloví /
|c odpovědná redaktorka E. Vajdlová
|
| 260 |
|
|
|a Praha :
|b Kartografie Praha,
|c 1973
|
| 300 |
|
|
|a 78 s.
|
| 504 |
|
|
|a Obsahuje bibliografii
|
| 700 |
1 |
|
|a Vajdlová, Eva
|7 jk01141166
|4 edt
|
| 772 |
0 |
8 |
|i Zvl. č. seriálu:
|t Kartografický přehled,
|g 1973, č. 3
|
| 910 |
|
|
|a BOA001
|b 2-0799.951
|
| 990 |
|
|
|a BK
|
| 991 |
|
|
|b 201107
|
| 996 |
6 |
|
|b 2619434780
|c 2-0799.951
|l MZK
|r Sklad / do 1 hodiny
|n 0
|w 001193778
|u 000010
|a 1
|e BOA001
|j MZK50
|s P
|